000 00800nam a2200229 i 4500
001 bg
245 0 0 _aSelected problems of computer methods and geometry in engineering /
_cCracow University of Technology Computer Center and Division of Descriptive Geometry and Engineering Graphics.
260 _aCracow :
_bPK,
_c1995.
300 _a194 s. :
_brys. ;
_c24 cm.
500 _aAnniversary issue vol. no. 5.
504 _aBibliogr. przy art.
650 9 _aAnaliza numeryczna
_xstosowanie
_xtechnika
650 9 _aGeometria
_xstosowanie
_xtechnika
650 9 _aGrafika komputerowa
_xstosowanie
_xtechnika
020 _a8390387883
040 _cBPK
041 0 _aen
080 _a519.61/.65:514:681.322.004
920 _a83-903878-8-3
942 _cKS
008 s pl f |000 0 pol
999 _c30709
_d30709
856 _uhttp://koha.tu.koszalin.pl/cgi-bin/koha/opac-detail.pl?biblionumber=30709
_yKatalog online BPK